000 00485nam a2200193Ia 4500
005 20260603111848.0
008 131103s9999 xx 000 0 und d
040 _aLoreto College
041 _aEnglish
082 _a843
_bDIC
100 _aDickens, Charles
245 _aLe marquis de saint-evremond
_cCharles Dickens
260 _aLondon
_bLibrairie
_c[19?]
300 _a222p.
440 _aBibliotheque juventa
650 _aFrench fiction
850 _aLCLIB
942 _cBK
999 _c24430
_d74909